01338 2200181 4500001002100000005001500021035002000036245004300056100002100099250001700120300002800137260003300165082000800198084001400206020002200220650002000242520089400262INLIS00000000000064920240827100356 a0010-08240001671 aSahabat Beda Sifat /cMutiara Sya'bani0 aMutiara Sya'bani acetakan ke-1 a84 hlm :bIlus ;c21 cm aBandung :bDAR! Mizan,c2021 a813 a813 MUT s a978-623-254-080-4 4aFiksi Indonesia aKirey Hana Aurora adalah anak semata wayang kesayangan Mama dan Papa. Dia anak manis berusia sebelas tahun dan sekarang duduk di kelas 5 SD. Kirey tidak pernah merasa kesepian karena banyak teman-teman yang menyayanginya. Namun, dalam menjalin persahabatan, Kirey sangat berhati-hati dan membutuhkan waktu yang cukup lama untuk akrab dengan kenalan baru. Itu karena Kirey mempunyai kisah persahabatan yang penuh lika-liku. Niatnya yang tulus pernah dikhianati oleh sahabatnya, sehingga teman-teman menjauhinya. Kemudian, kirey juga mempunyai sahabat yang sangat berbeda sifatnya: cuek, tomboi, dan jail. Akibat sifat sahabatnya itu, kirey sering mendapat masalah. Wah... kira-kira apa, ya, yang akan kirey lakukan? Apa, ya, arti sahabat bagi kirey? Akankah kirey mendapatkan sahabat sejati dan mengetahui sifat asli sahabatnya? hm... jadi penasaran, deh! Yuk, kita baca ceritanya!